Correctly Spelled North American Countries - Sudden Death - Statistics

General Stats
  • This quiz has been taken 39 times
  • The average score is 11 of 12
Answers on the Grid
Answers color-coded by a green-red scale on the quiz's grid according to % correct below.
Antigua and Barbuda
Bahamas
Barbadas
Bileze
Canada
Casta Rica
Cuba
Dominika
Dominikan Republic
El Salvador
Greneda
Guatemala
Haiti
Honduras
Jamaca
Mexico
Nacaragua
Panama
Saint Knitts and Kevis
Saint Lucia
Saint Vincentt and the Grenadines
Trinidad and Tobago
Unitted States
 
Answer Stats
Answer % Correct
Antigua and Barbuda
97%
Bahamas
97%
Canada
97%
Haiti
97%
Cuba
94%
Honduras
94%
Panama
94%
El Salvador
91%
Mexico
91%
Saint Lucia
91%
Trinidad and Tobago
91%
Guatemala
88%
No matching quizzes found
Score Distribution
Percent of People with Each Score
Percentile by Number Answered
Your Score History
You have not taken this quiz